Informe sobre el Partido Democrático de Curazao

Shranjeno v:
Bibliografske podrobnosti
Glavni avtor: Díaz, Agustín Miguel
Format: Texto
Izdano: Heredia: CEDAL
Oznake: Označite
Brez oznak, prvi označite!

MARC

LEADER 00000 a a2200000 04500
001 15597
003
040
090 |a 006600  
100 |a Díaz, Agustín Miguel  
245 |a Informe sobre el Partido Democrático de Curazao  
260 |a Heredia:   |b CEDAL  
300 |a 11 p.  
999 |c 12212  |d 12212